000 07128nam a22005417a 4500
005 20120221115838.0
010 _aB-474674-699
020 _a9788121616188
_c60.00
035 _aB-474674-699
037 _bब्लूबेरी बुक्स
082 _a821
100 _aदुबे, रामेश्वर दयाल
_950412
245 _aघूम-घूम कर देखें देशः
_cरामेश्वर दयाल दुबे
_bबच्चों और किशोरो के लिए ज्ञान-विज्ञान साहित्य /
260 _aनई दिल्ली
_bहिन्द पॉकेट बुक्स
_c2011
270 _aजे-40, जोरबाग लेन
_bनई दिल्ली
_e110003
300 _a72पृ
_bसचित्र
_c22सेमी (अजिल्द)
700 _942649
700 _942654
942 _2ddc
_cCH
_mदुबेरा
_h821
999 _c63252
_d63252